000
00295nam a2200109Ia 4500
008
200302s9999 xx 000 0 und d
100
_a
Robin Guild
245
_a
The Finishing Touch Making Most of the Things You own
260
_b
Mitchell Beazley Marketing Ltd.
260
_c
1979
300
_a
263 P.,
999
_c
259
_d
259